[Event "Bastiais Master"]
[Site "Bastia"]
[Date "2003.??.??"]
[Round "?"]
[White "Geronimi, Pierre Francois"]
[Black "Le Roch, Cyrille"]
[Result "0-1"]
[WhiteElo "1500"]
[BlackElo "1540"]
[PlyCount "46"]
[EventDate "2003.??.??"]
[EventType "swiss"]
[EventRounds "7"]
[EventCountry "FRA"]
[SourceTitle "EXT 2007"]
[Source "ChessBase"]
[SourceDate "2006.11.23"]
[SourceVersion "1"]
[SourceVersionDate "2006.11.23"]
[SourceQuality "1"]

1. e4 c5 2. Nc3 e6 3. Nf3 Nc6 4. Bb5 a6 5. Bxc6 bxc6 6. 0-0 d6 7. d3 Qc7 8. Be3 Nf6 9. h3 Be7 10. d4 cxd4 11. Bxd4 0-0 12. e5 Nd5 13. Nxd5 cxd5 14. exd6 Bxd6 15. Qe2 Bd7 16. Ne5 Bb5 17. Nd3 Rfc8 18. Qg4 e5 19. Be3 e4 20. Bd4 f6 21. Bxf6 exd3 22. cxd3 Be5 23. Bxe5 Qxe5 0-1